00606 2200193 4500001002100000005001500021035002000036007000300056008004100059020002200100082001200122084001800134100001500152245009400167250003200261260005200293300003300345650003400378INLIS00000000000096620250306010517 a0010-0325000028ta250306 g 0 ind  a978-623-360-157-3 a808.883 a808.883 AND s0 aAndi Ahmad1 aSebuah Joernal :bDefinisi Mengikhlaskan /cAndi Ahmad (Penulis); Umu Hana Amini (Editor) aCetakan Pertama, Maret 2022 aGresik :bJendela Sastra Indonesia Press,c2022 a288 Halaman :bteks ;c21 cm 4aFiksi biografi - Novel jurnal